Statistics for Playboi carti songs (Die Lit)

Click here to take the quiz!

General Stats

  • This quiz has been taken 291 times
  • The average score is 13 of 19

Answer Stats

AlbumAnswer% Correct
Die LitR.I.P.
90%
Die LitShoota
83%
Die LitLong time (intro
77%
Die LitR.I.P. Fredo
75%
Die LitPoke It Out
73%
Die LitFell In Luv
71%
Die LitLove Hurts
70%
Die LitFlatBed Freestyle
69%
Die LitLean 4 Rea
69%
Die LitTop
68%
Die LitHome
66%
Die LitMileage
66%
Die LitNo Time
65%
Die LitForeign
63%
Die LitOld Money
63%
Die LitChoppa Wont Miss
62%
Die LitMiddle Of The Summer
61%
Die LitRight Now
59%
Die LitPull Up
58%

Score Distribution

Percentile by Number Answered

Percent of People with Each Score

Your Score History

You have not taken this quiz